000 00530cam a2200205 4500
001 B1415
008 090401t1986 xxu||||| |||| 00| 0 eng d
035 _a(Sirsi) u44312
041 _aeng
050 _a333.33709424
110 _aElliott Son and Boyton
_92243
245 _aWest Midlands office survey. - Autumn 1986
260 _aBirmingham
_bElliott Son and Boyton
_c1986
300 _a(20)p. : ill. ; 30cm.
350 _a0
650 _aFLOORSPACE STATISTICS
650 _aOFFICES
942 _n0
948 _c04/03/1997
999 _c91486
_d91486